Datum a čas kvízu
42
Celkem bodů
Celkový počet nahraných bodů na tomto kvízu bez doplňovacích otázek.
2.
Pořadí na kvízu
Konečné umístění týmu na tomto kvízu.
Zaznamenané odpovědi
| # | Otázka | Odpověď | Body | Výsledky |
|---|---|---|---|---|
| 1. | Minulý týden jsme se dozvěděli... | v Havlíčkově Brodě | 1 | |
| 2. | Někdo chodí do školy pěšky, ně... | D) na praseti | 1 | |
| 3. | Sedmý ročník ankety Podcast ro... | Opravdové zločiny | 1 | |
| 4. | Bývalý brazilský pilot, který... | Emerson Fittipaldi, Targa Florio | 1 | |
| 5. | 25letá česká tenistka získala... | Markéta Vondroušová | 0 | |
| 6. | Začneme politikou. Republikáns... | Agrární strana, agrárníci | 1 | |
| 7. | V letech 1918–1928 bylo Českos... | Podkarpatská Rus (Zakarpatská Ukrajina) | 1 | |
| 8. | Na fotce vidíme jeden z rekons... | Aero | 0 | |
| 9. | Zde vidíme portrét módní návrh... | Hana Podolská | 0 | |
| 10. | „Král komiků“ Vlasta Burian by... | AC Sparta Praha, brankář | 0.5 |